000 01473pam a2200325 a 4500
999 _c129062
_d129062
001 600034
003 ARRUPE
005 20190219112801.0
007 cr_|||||||||||
008 911210s1992 caub b s001 0 eng
010 _a 91044328
020 _a0520076249 (alk. paper)
040 _aDLC
_cDLC
_dDLC
043 _af-ke---
050 0 0 _aDT433.584
_b.W53 1992
082 0 0 _a967.6204
_220
100 1 _aWidner, Jennifer A.
_944771
245 1 4 _aThe rise of a party-state in Kenya :
_bfrom "Harambee" to "Nyayo!" /
_cJennifer A. Widner.
260 _aBerkeley :
_bUniversity of California,
_cc1992.
300 _axix, 283 p. :
_bmaps ;
_c24 cm.
504 _aIncludes bibliographical references (p. 257-269) and index.
530 _aA digital reproduction is available from E-Editions, a collaboration of the University of California Press and the California Digital Library's eScholarship program.
610 2 0 _aKenya African National Union.
_944772
651 0 _aKenya
_xPolitics and government
_y1978-
_94441
856 4 2 _3Contributor biographical information
_uhttp://www.loc.gov/catdir/bios/ucal051/91044328.html
856 4 2 _3Publisher description
_uhttp://www.loc.gov/catdir/description/ucal041/91044328.html
856 4 1 _uhttp://ark.cdlib.org/ark:/13030/ft9h4nb6fv
906 _a7
_bcbc
_corignew
_d1
_eocip
_f19
_gy-gencatlg
942 _2lcc
_cMONOGRAPH